Malá československá encyklopedie. 4, M-Pol /

Uložené v:
Podrobná bibliografia
Ďalší autori: Říman, Josef, 1925- (Editor), Štěpánek, Miroslav, 1934-2005 (Editor)
Médium: Kniha
Jazyk:Czech
Vydané: Praha : Academia, 1986.
Vydanie:1. vyd.
ISBN: (viaz.)
Fyzický popis: 989 s.
Tagy: Pridať tag
Žiadne tagy, Buďte prvý kto otaguje tento záznam!

MARC

LEADER 00000cam a22000007a 4500
001 000126708
005 20110104092511.0
008 950316s1986 xr cze d
020 |a (viaz.)  |c Kčs 155,00 
040 |a SVKKK  |b slo  |c SVKKK  |e AACR2 
041 0 |a cze 
044 |a zr  |c CZ 
245 0 0 |a Malá československá encyklopedie.  |n 4,  |p M-Pol /  |c red.: Josef Říman, Miroslav Štěpánek. 
250 |a 1. vyd. 
260 |a Praha :  |b Academia,  |c 1986. 
300 |a 989 s. 
700 1 |a Říman, Josef,  |d 1925-  |4 edt 
700 1 |a Štěpánek, Miroslav,  |d 1934-2005  |4 edt 
910 |a svkkk 
998 |a BK 
090 |g SCKHL  |k Sklad Pribinova 3. posch.  |a V.141500  |j 746618  |i 2720966001  |s Povinný výt. 
090 |g SCKHL  |k Sklad Pribinova 3. posch.  |a V.158137  |j 736260  |i 2720419747  |4 Multiplikát  |s Vyradená 
090 |g SCKHL  |k Sklad Pribinova 3. posch.  |a V.158138  |j 736261  |i 2720466812  |4 Multiplikát  |s Vyradená 
090 |g SCKHL  |k Sklad Pribinova 3. posch.  |a V.158139  |j 736262  |i 126708-30  |4 Multiplikát  |s Vyradená 
090 |g SCKHL  |k Sklad Pribinova 3. posch.  |a V.158140  |j 736263  |i 218851-10  |4 Multiplikát  |s Vyradená 
090 |g SCKHL  |k Sklad Pribinova 3. posch.  |a V.158141  |j 736264  |i 126708-40  |4 Multiplikát  |s Vyradená 
090 |g SCKHL  |k Sklad Pribinova 3. posch.  |a V.158142  |j 736265  |i 2720958587  |s Absenčne 
090 |g SCKHL  |k Sklad Pribinova 3. posch.  |a V.158143  |j 736266  |i 126708-60  |4 Multiplikát  |s Vyradená 
090 |g SCKHL  |k Sklad Pribinova 3. posch.  |a V.158894  |j 743629  |i 202680-10  |4 Multiplikát  |s Vyradená 
090 |g SCKHL  |k Sklad Pribinova 3. posch.  |a V.158895  |j 743630  |i 202680-20  |4 Multiplikát  |s Vyradená 
090 |g SCKHL  |k Sklad Pribinova 3. posch.  |a V.158896  |j 743631  |i 2720968212  |s Absenčne 
090 |g SCKHL  |k Sklad Pribinova 3. posch.  |a V.158897  |j 743632  |i 2720968211  |s Absenčne 
090 |g SCKHL  |k Sklad Pribinova 3. posch.  |a V.158898  |j 743633  |i 2720419753  |4 Multiplikát  |s Vyradená 
090 |g SCKHL  |k Sklad Pribinova 3. posch.  |a V.158899  |j 743634  |i 202680-60  |4 Multiplikát  |s Vyradená